Crónica de la provincia de Gerona / (Record no. 47862)

MARC details
000 -LEADER
campo de control de longitud fija 01160nam a2200253 i 4500
001 - NÚMERO DE CONTROL
campo de control 47862
003 - IDENTIFICADOR DE NÚMERO DE CONTROL
campo de control ES-MaACL
005 - FECHA Y HORA DE LA ÚLTIMA TRANSACCIÓN
campo de control 20250716052849.0
007 - CAMPO FIJO DE DESCRIPCIÓN FÍSICA--INFORMACIÓN GENERAL
campo de control de longitud fija t|
008 - DATOS DE LONGITUD FIJA--INFORMACIÓN GENERAL
campo de control de longitud fija 030618s1865 sp ||||1| spa d
080 ## - NÚMERO DE LA CLASIFICACIÓN DECIMAL UNIVERSAL
Número de la Clasificación Decimal Universal 94(460.233)
080 ## - NÚMERO DE LA CLASIFICACIÓN DECIMAL UNIVERSAL
Número de la Clasificación Decimal Universal 94(460)
100 1# - ENTRADA PRINCIPAL--NOMBRE DE PERSONA
Nombre de persona Blanch é Illa, Narciso.
9 (RLIN) 126006
245 10 - MENCIÓN DEL TÍTULO
Título Crónica de la provincia de Gerona /
Mención de responsabilidad, etc. por Narciso Blanch é Illa.
260 ## - PUBLICACIÓN, DISTRIBUCIÓN, ETC.
Lugar de publicación, distribución, etc. Madrid :
Nombre del editor, distribuidor, etc. Aquiles Ronchi,
Fecha de publicación, distribución, etc. 1865.
300 ## - DESCRIPCIÓN FÍSICA
Extensión 175 p., [10] h. de lám., [1] h. de mapas : il. ;
Dimensiones 32 cm.
490 1# - MENCIÓN DE SERIE
Mención de serie Crónica general de España, ó sea historia ilustrada y descriptiva de sus provincias, sus poblaciones más importantes y posesiones de ultramar / dirigida por Cayetano Rosell
651 #4 - PUNTO DE ACCESO ADICIONAL DE MATERIA--NOMBRE GEOGRÁFICO
Nombre geográfico Gerona (Provincia)-
Subdivisión general Historia.
9 (RLIN) 153502
651 #4 - PUNTO DE ACCESO ADICIONAL DE MATERIA--NOMBRE GEOGRÁFICO
Nombre geográfico Gerona (Provincia)-
Subdivisión general Descripción.
9 (RLIN) 153503
700 1# - ENTRADA AGREGADA--NOMBRE PERSONAL
Nombre de persona Rosell, Cayetano,
Fechas asociadas al nombre 1817-1883
9 (RLIN) 99681
830 0# - PUNTO DE ACCESO ADICIONAL DE SERIE-TÍTULO UNIFORME
Título uniforme Crónica general de España, o sea Historia ilustrada y descriptiva de sus provincias, sus poblaciones más importantes de la península y posesiones de Ultramar
9 (RLIN) 224862
852 ## - LOCALIZACIÓN
Ubicación ES-MaACL
Número de control de estantería C-1580(1)
Nota libre .- Encuadernado con otras obras
Holdings
Estatus retirado Estado de pérdida Estado de daño No para préstamo Colección Biblioteca de origen Biblioteca actual Ubicación en estantería Fecha de adquisición Fuente de adquisición Total de préstamos Signatura topográfica completa Código de barras Visto por última vez Precio de reemplazo Tipo de ítem Koha
        Libros del s. XIX Biblioteca del Ateneo de Madrid Biblioteca del Ateneo de Madrid Sala Palomar 17/01/2008     C-1865 1050366 23/02/2023 23/02/2023 Libro impreso antiguo